Teória pravdepodobnosti

Bibliographic Details
Main Author: Riečan, Beloslav, 1936-2018 (Author)
Format: Book
Language:Slovak
PhysicalDescription:228 s. sch. 29 cm
Published: Bratislava Univerzita Komenského 1979
Edition:2. nezm. vyd.
Series:Vysokoškolské skriptá
Subjects:

MARC

LEADER 00000cam a2200000 a 4500
001 vtls001106989
003 SK-MaSNL
005 20260301055401.0
008 250313s1979 xo a e 000 0 slo
015 |a SNBA1980 
035 |a SNK000049831 
035 |a urn:nbn:sk:snk-aml4ad 
035 |a urn:nbn:sk:snk-am008wv0 
035 |a AC6ADCF3-0521-4C65-8EA9-3ED9DB69EA4E 
040 |a SNK  |b slo  |c SNK  |e AACR2 
041 0 |a slo 
044 |a xo  |c SK 
080 |a 519.21(075.8)  |2 1981 
100 1 |a Riečan, Beloslav,  |d 1936-2018  |4 aut  |9 222087 
245 1 0 |a Teória pravdepodobnosti  |c Beloslav Riečan 
250 |a 2. nezm. vyd. 
260 |a Bratislava  |b Univerzita Komenského  |c 1979 
300 |a 228 s.  |b sch.  |c 29 cm 
366 |e 210 výt. 
490 1 |a Vysokoškolské skriptá 
504 |a Bibliogr. odkazy 
650 0 7 |a pravdepodobnosť (matematika)  |2 SNKPH  |9 17964 
650 0 7 |a teória pravdepodobnosti  |2 SNKPH  |9 104068 
655 7 |a učebnice vysokých škôl  |2 SNKPH  |9 70191 
810 2 |a Univerzita Komenského v Bratislave  |t Vysokoškolské skriptá  |9 277216 
830 0 |a Vysokoškolské skriptá  |9 276440 
852 |a Slovenská národná knižnica 
958 |a RM 
958 |a UV 
958 |a NB 
958 |a OND 
999 |c 613244  |d 615174 
952 |t P60, <04>, [BOOK], {604}  |a SNK  |b SNK  |y VYP  |7 0  |p 17A0025110  |o snkSB 29020 D1  |i snkKSP 50/80  |0 0  |1 0  |4 0  |d 1996-12-02  |l 0  |r 2004-12-31 00:00:00  |w 2026-02-23 
952 |a SNK  |b SNK  |y PREZ  |7 0  |p 17A0972805  |o snkSB 29020  |i snkKSP 49/80  |0 0  |1 0  |4 0  |d 2012-07-30  |f 1  |l 0  |r 2025-04-03 00:00:00  |w 2026-02-23